MEXICO ARQUITECTURA DEL SIGLO XVI (Registro nro. 56883)
[ vista simple ]
| 000 -LEADER | |
|---|---|
| fixed length control field | 01060nam a2200205 a 4500 |
| 001 - CONTROL NUMBER | |
| control field | 56883 |
| 005 - DATE AND TIME OF LATEST TRANSACTION | |
| control field | 20180714052841.0 |
| 008 - FIXED-LENGTH DATA ELEMENTS--GENERAL INFORMATION | |
| fixed length control field | 140415s2011 mx 000 0 spa d |
| 020 ## - INTERNATIONAL STANDARD BOOK NUMBER | |
| International Standard Book Number | 9786071105653 |
| 041 ## - LANGUAGE CODE | |
| Language code of text/sound track or separate title | spa |
| 082 ## - DEWEY DECIMAL CLASSIFICATION NUMBER | |
| Classification number | 720.972 |
| Item number | ART |
| 100 1# - MAIN ENTRY--PERSONAL NAME | |
| Personal name | ARTIGAS, JUAN B. |
| 245 10 - TITLE STATEMENT | |
| Title | MEXICO ARQUITECTURA DEL SIGLO XVI |
| 250 ## - EDITION STATEMENT | |
| Edition statement | 1a ed. |
| 260 ## - PUBLICATION, DISTRIBUTION, ETC. | |
| Place of publication, distribution, etc. | MEXICO : |
| Name of publisher, distributor, etc. | SANTILLANA EDICIONES GENERALES, S.A. DE C.V., |
| Date of publication, distribution, etc. | 2011 |
| 300 ## - PHYSICAL DESCRIPTION | |
| Extent | 118 |
| Dimensions | 21.5 x 3.8 x 26.8 |
| 490 ## - SERIES STATEMENT | |
| Series statement | COL.UPAEP |
| 520 ## - SUMMARY, ETC. | |
| Summary, etc. | DURANTE EL SIGLO XVI LA ARQUITECTURA DE NUEVA ESPAÑA FUE LA MAS IMPORTANTE DEL CONTINENTE POR SU CUANTIA Y CALIDAD EXCEPCIONALES. SON SUS EDIFICIOS RELIGIOSOS LOS QUE HAN LLEGADO EN MAYOR NUMERO AL SIGLO XXI. SE APOYARON EN EL ORDENAMIENTO CIVIL DEL TERRITORIO Y EN LA FUNDACION DE CIUDADES YA AMERICANAS, TANTO COMO EN LA CREACION DE HOSPITALES, FUENTES Y ACUEDUCTOS PARA ASENTAR Y MEJORAR LOS ESPACIOS PUBLICOS. LA PRESENTE OBRA ACTUALIZA EL CONOCIMIENTO, ESTA BASADA EN LA VIVENCIA PROFU |
| 650 14 - SUBJECT ADDED ENTRY--TOPICAL TERM | |
| Topical term or geographic name entry element | ARQUITECTURA |
| General subdivision | MEXICO |
| -- | SIGLO XVI |
| Withdrawn status | Lost status | Source of classification or shelving scheme | Damaged status | Not for loan | Collection code | Home library | Current library | Shelving location | Date acquired | Source of acquisition | Inventory number | Total Checkouts | Full call number | Barcode | Date last seen | Date last checked out | Price effective from | Koha item type |
|---|---|---|---|---|---|---|---|---|---|---|---|---|---|---|---|---|---|---|
| Dewey Decimal Classification | General | Biblioteca Karol Wojtyla | Biblioteca Karol Wojtyla | Sala general | 03/12/2013 | Compra | 151000000000000000027457 | 720.972 ART | 85977 | 05/01/2026 | 06/12/2017 | 03/12/2013 | Libro |